[Event "Oberliga Wuerttemberg 1819"]
[Site "Wuerttemberg"]
[Date "2019.01.13"]
[Round "5"]
[White "Balacek, Tadeas"]
[Black "Schmidt, Tobias"]
[Result "1/2-1/2"]
[WhiteElo "2291"]
[BlackElo "2257"]
[PlyCount "85"]
[EventDate "2018.09.23"]
[EventType "team-tourn"]
[EventRounds "9"]
[EventCountry "GER"]
[SourceTitle "EXT 2020"]
[Source "ChessBase"]
[SourceDate "2019.10.17"]
[SourceVersion "1"]
[SourceVersionDate "2019.10.17"]
[SourceQuality "1"]
[WhiteTeam "Weiler im Allgaeu"]
[BlackTeam "Heilbronn"]
[WhiteTeamCountry "GER"]
[BlackTeamCountry "GER"]

1. d4 e6 2. Bf4 Nf6 3. e3 d5 4. Nf3 c5 5. Nbd2 Nc6 6. c3 Bd6 7. Bg3 Bxg3 8. hxg3 Qd6 9. Bb5 Bd7 10. Qc2 h6 11. Bxc6 Bxc6 12. Ne5 Rf8 13. 0-0 0-0-0 14. b4 c4 15. a4 Be8 16. e4 Nd7 17. Nxd7 Qxd7 18. Rfe1 f6 19. exd5 exd5 20. Re3 Bh5 21. Rae1 Rde8 22. Nf1 Rxe3 23. Rxe3 Bg4 24. Re1 Be6 25. a5 Re8 26. Ne3 Bf5 27. Qe2 Bg4 28. Qd2 Be6 29. Re2 Bf7 30. Qc2 Re4 31. f3 Re8 32. Kf2 Bh5 33. g4 Bf7 34. Qf5 Be6 35. Qg6 Kd8 36. Qh5 Re7 37. Qh2 Kc8 38. Qf4 Qc7 39. Qxc7+ Rxc7 40. Nf5 Bxf5 41. gxf5 Kd7 42. b5 Rc8 43. Kg3 1/2-1/2

[Event "Oberliga Wuerttemberg 1819"]
[Site "Wuerttemberg"]
[Date "2018.12.02"]
[Round "4"]
[White "Neyman, Igor"]
[Black "Schmidt, Tobias"]
[Result "1-0"]
[WhiteElo "2308"]
[BlackElo "2257"]
[PlyCount "99"]
[EventDate "2018.09.23"]
[EventType "team-tourn"]
[EventRounds "9"]
[EventCountry "GER"]
[SourceTitle "EXT 2020"]
[Source "ChessBase"]
[SourceDate "2019.10.17"]
[SourceVersion "1"]
[SourceVersionDate "2019.10.17"]
[SourceQuality "1"]
[WhiteTeam "Stuttgart SF"]
[BlackTeam "Heilbronn"]
[WhiteTeamCountry "GER"]
[BlackTeamCountry "GER"]

1. d4 e6 2. c4 Nf6 3. Nc3 Bb4 4. Nf3 d5 5. e3 0-0 6. a3 Bxc3+ 7. bxc3 b6 8. Bd3 Ba6 9. cxd5 Bxd3 10. Qxd3 exd5 11. 0-0 Nbd7 12. c4 c6 13. a4 Ne4 14. Ba3 Re8 15. cxd5 cxd5 16. Rfc1 Re6 17. Rc2 g5 18. Rac1 g4 19. Ne5 Nxe5 20. dxe5 Rxe5 21. Qa6 Re8 22. Qb7 Qh4 23. Qxd5 Rad8 24. Qf5 Qg5 25. Qxg5+ Nxg5 26. Rc7 a5 27. Bb2 Ne6 28. R7c4 h5 29. h3 f5 30. Rb1 Rd3 31. Be5 Nc5 32. Bd4 Nb3 33. Bc3 b5 34. axb5 a4 35. b6 Rb8 36. Be5 Rxb6 37. Rxa4 gxh3 38. gxh3 Rg6+ 39. Bg3 Nc5 40. Rb8+ Kh7 41. Ra7+ Rg7 42. Rxg7+ Kxg7 43. Rb5 Rd1+ 44. Kg2 Rc1 45. Kf3 Rc4 46. Rb6 Ne4 47. Be5+ Kh7 48. Kf4 Nxf2+ 49. Kxf5 Nxh3 50. Rb8 1-0

[Event "Oberliga Wuerttemberg 1718"]
[Site "Wuerttemberg"]
[Date "2017.10.08"]
[Round "2"]
[White "Ludwig, Sebastian"]
[Black "Schmidt, Tobias"]
[Result "0-1"]
[WhiteElo "2028"]
[BlackElo "2248"]
[PlyCount "90"]
[EventDate "2017.09.17"]
[EventType "team-tourn"]
[EventRounds "9"]
[EventCountry "GER"]
[SourceTitle "EXT 2019"]
[Source "ChessBase"]
[SourceDate "2018.10.10"]
[SourceVersion "1"]
[SourceVersionDate "2018.10.10"]
[SourceQuality "1"]
[WhiteTeam "Stuttgart Wolfbusch"]
[BlackTeam "Heilbronn"]
[WhiteTeamCountry "GER"]
[BlackTeamCountry "GER"]

1. d4 d5 2. Bf4 Nf6 3. e3 e6 4. Nd2 c5 5. c3 Nc6 6. Bd3 Bd6 7. Bxd6 Qxd6 8. f4 b6 9. a3 Bb7 10. Ngf3 0-0 11. 0-0 Ne7 12. Qe2 Rac8 13. Ng5 Ng6 14. Rf3 cxd4 15. cxd4 Rfe8 16. Rh3 h6 17. Bxg6 fxg6 18. Ngf3 Rc7 19. Ne5 Rec8 20. Rd1 Rc2 21. Rg3 Rxb2 22. Rxg6 Rcc2 23. Rxf6 gxf6 24. Qh5 Qe7 25. Qg4+ Qg7 26. Qxe6+ Kh8 27. Nef3 Rc7 28. Nh4 Qf7 29. Qg4 Bc8 30. f5 Rcc2 31. Ndf3 Kh7 32. Ne1 Rd2 33. Rc1 Ba6 34. Rc7 Qxc7 35. Qg6+ Kh8 36. Qxh6+ Kg8 37. Qg6+ Kf8 38. Qxf6+ Ke8 39. Qg6+ Qf7 40. Qc6+ Qd7 41. Qg6+ Kd8 42. f6 Rf2 43. Qg8+ Kc7 44. Qg3+ Kb7 45. f7 Rf1# 0-1